<?xml version="1.0" encoding="UTF-8"?>
<record
    xmlns:xsi="http://www.w3.org/2001/XMLSchema-instance"
    xsi:schemaLocation="http://www.loc.gov/MARC21/slim http://www.loc.gov/standards/marcxml/schema/MARC21slim.xsd"
    xmlns="http://www.loc.gov/MARC21/slim">

  <leader>03028    a2200205   4500</leader>
  <controlfield tag="001">28003</controlfield>
  <controlfield tag="005">20260407155552.0</controlfield>
  <controlfield tag="008">260407a1954    arg                 spa d</controlfield>
  <controlfield tag="003">AR-UNSa-BCEJYS</controlfield>
  <datafield tag="040" ind1=" " ind2=" ">
    <subfield code="a">AR-UNSa-BCEJYS</subfield>
    <subfield code="b">spa</subfield>
    <subfield code="c">AR-UNSa-BCEJYS</subfield>
  </datafield>
  <datafield tag="080" ind1=" " ind2=" ">
    <subfield code="a">657</subfield>
    <subfield code="x">Contabilidad</subfield>
  </datafield>
  <datafield tag="245" ind1="1" ind2="0">
    <subfield code="a">Tratado de contabilidad general</subfield>
  </datafield>
  <datafield tag="250" ind1=" " ind2=" ">
    <subfield code="a">8a. ed</subfield>
  </datafield>
  <datafield tag="264" ind1=" " ind2="1">
    <subfield code="a">Barcelona :</subfield>
    <subfield code="b">Juventud</subfield>
    <subfield code="c">1954</subfield>
  </datafield>
  <datafield tag="300" ind1=" " ind2=" ">
    <subfield code="a">368 p.</subfield>
    <subfield code="c">23 cm.</subfield>
  </datafield>
  <datafield tag="505" ind1=" " ind2=" ">
    <subfield code="a">Parte I: Teor&#xED;a general de la contabilidad por partida doble: 1. De las cuentas - 2. Principios fundamentales dela partida doble - 3. Asientos  libros comerciales - 4. Libro diario - 5. Libro mayor - 6. Balance de comprobaci&#xF3;n - 7. Libro de inventarios y balances. Libros copiadores y libros auxiliares - 8. Marcha general de la contabilidad  de una empresa - 9. Ejercicios - Parte II: Contabilidad de empresas comerciales: 1. Organizaci&#xF3;n contale - 2.Asientos de constituci&#xF3;n de una empresa mercantil - Parte II: Contabilidad de empresas comerciales: 1.Organizaci&#xF3;n contable - 2. Asientos de constituci&#xF3;n de una empresa mercantil - 3. Cuenta de capital - 4. Cuentas personales - 5. De la amortizaci&#xF3;n contable - 6. Cuetas e valores inmovilizados - 7. Cuentas de valores de cambio - 8. Cuentas transitorias y de orden - 9. Cuentas de resultados - 10. Contabilizaci&#xF3;n de un emprestito - 11. Cuentas en participaci&#xF3;n - 12. C&#xE1;lculo del precio de coste comercial - 13. Determinaci&#xF3;n y explicaci&#xF3;n delos beneficios o p&#xE9;rdidas - 14. Asientos relativos a la distribuci&#xF3;n de beneficios o p&#xE9;rdidas - 15. El balance - 16. Cierre y reapertura de libros - 17. Determinaci&#xF3;n de los beneficios o p&#xE9;rdidas en cualquier momento del ejercicio contable - 18. Contabilidad de una empresa con sucurales - 19. Disoluci&#xF3;n y liquidaci&#xF3;n de empresas mercantiles - Parte III: Contabilidad de empresas industriales: 1. &#xBF;Que se ha de entender por contabilida industrial? - 2. C&#xE1;lculo del precio de coste industrial - 3. Coeficiente de distribuci&#xF3;n de los gastos generales de fabricaci&#xF3;n - 4. Contabilidad del precio de coste industrial - 5. Casos generales en la contabilidad del precio de coste industrial - 6. Casos especiales en la contabilidad del precio de coste industrial - 7. Formas defectuosas de contabilidad industrial - Parte IV: Contabilida de entidades administrativas : 1. Teor&#xED;a de la contabilidad administrativa - 2. La contabilidad administrativa en las empresas mercantiles - Parte V: disposiciones legales referentes a contabilidad: 1. Disposiciones del c&#xF3;digo de comercio y leyes complementarias - 2. La contabilidad y las leyes fiscales - 3. Errores y rectificaciones - Parte VI: Sistemas de contabilidad diferentes de la partida doble cl&#xE1;sica: 1. La partida simple - 2. El sistema logismogr&#xE1;fico - 3. Los sistemas de contabilidad llamados americanos - 4. El sistema centralizador o de diarios m&#xFA;ltiples - 5. La contabilidad mec&#xE1;nica - 6. Otros sistemas de contabilidad.</subfield>
  </datafield>
  <datafield tag="942" ind1=" " ind2=" ">
    <subfield code="c">BK</subfield>
  </datafield>
  <datafield tag="590" ind1=" " ind2=" ">
    <subfield code="a">niveau_biblio:m niveau_hierar:0</subfield>
  </datafield>
  <datafield tag="100" ind1="1" ind2=" ">
    <subfield code="a">Boter Mauri, Fernando</subfield>
  </datafield>
  <datafield tag="999" ind1=" " ind2=" ">
    <subfield code="c">1632</subfield>
    <subfield code="d">1632</subfield>
  </datafield>
  <datafield tag="952" ind1=" " ind2=" ">
    <subfield code="0">0</subfield>
    <subfield code="1">0</subfield>
    <subfield code="4">0</subfield>
    <subfield code="7">0</subfield>
    <subfield code="a">BCEJYS</subfield>
    <subfield code="b">BCEJYS</subfield>
    <subfield code="c">16</subfield>
    <subfield code="d">2026-04-07</subfield>
    <subfield code="l">0</subfield>
    <subfield code="o">657 B748 8ed.</subfield>
    <subfield code="p">L22388</subfield>
    <subfield code="r">2026-04-07 15:55:52</subfield>
    <subfield code="w">2026-04-07</subfield>
    <subfield code="y">L</subfield>
  </datafield>
  <datafield tag="952" ind1=" " ind2=" ">
    <subfield code="0">0</subfield>
    <subfield code="1">0</subfield>
    <subfield code="4">0</subfield>
    <subfield code="7">0</subfield>
    <subfield code="a">BCEJYS</subfield>
    <subfield code="b">BCEJYS</subfield>
    <subfield code="c">16</subfield>
    <subfield code="d">2026-04-07</subfield>
    <subfield code="l">0</subfield>
    <subfield code="o">657 B748 8ed.</subfield>
    <subfield code="p">L22389</subfield>
    <subfield code="r">2026-04-07 15:55:52</subfield>
    <subfield code="w">2026-04-07</subfield>
    <subfield code="y">L</subfield>
  </datafield>
</record>
